000 00312nam a2200121Ia 4500
008 220217s9999||||xx |||||||||||||| ||und||
082 _a658.402 01 CSR
100 _aCSR
245 0 _aMAT: Management aptitude test
260 _aCSR Publication
_bNew Delhi
_c2007
300 _b425
650 _aGENERAL BOOKS
999 _c175711
_d175711